Statistics for 愛媛県の市町

Click here to take the quiz!

General Stats

  • This quiz has been taken 67 times
  • The average score is 16 of 20

Answers on the Map

Answers color-coded by a green-red scale on the quiz's map according to % correct below.
 

Answer Stats

市町% Correct
松山市
100%
四国中央市
98%
今治市
98%
宇和島市
96%
新居浜市
94%
西条市
90%
伊予市
88%
八幡浜市
86%
大洲市
84%
東温市
80%
西予市
78%
伊方町
74%
愛南町
72%
内子町
70%
久万高原町
68%
松前町
66%
上島町
58%
砥部町
54%
鬼北町
50%
松野町
48%

Score Distribution

Percentile by Number Answered

Percent of People with Each Score

Your Score History

You have not taken this quiz